000 01014na a2200229 4500
001 19581
003 MIRAKIL
005 20181213155013.0
008 161219b tu 000 0
040 _aMilas
_btur
_cTR-AnCHP
041 _atur
082 _a364.256
_bS67 2003
090 _a364.256 S67 2003
111 _aSosyolojik ve Hukuksal Boyutlarıyla Töre ve Namus Cinayetleri Uluslararası Sempozyumu
_cDiyarbakır
_d26-27 Eylül 2003
245 _aSosyolojik ve hukuksal boyutlarıyla töre ve namus cinayetleri uluslararası sempozyumu
_b= International symposium on issue of custom and honour killing: viewpoint of sociology and law
_cAkademik Araştırma ve Dayanışma Derneği
260 _aDiyarbakır
_bAkademik Araştırma ve Dayanışma Derneği
_c2003
300 _a282 s.
_c23 sm.
650 _aTöre cinayetleri
_xToplantılar
_xHukuksal açıdan
650 _aNamus cinayetleri
_xSosyolojik yönler
_xToplantılar
710 _aAkademik Araştırma ve Dayanışma Derneği
942 _2ddc
_cBKS
999 _c4641
_d4641